-
SHUKLA, MC & GREWAL, TS AND GUPTA,SC
Entry Personal Name
Number of records used in: 2
001 - CONTROL NUMBER
003 - CONTROL NUMBER IDENTIFIER
005 - DATE AND TIME OF LATEST TRANSACTION
- control field:
20251008133216.0
008 - FIXED-LENGTH DATA ELEMENTS
- fixed length control field:
251008|| aca||aabn | a|a d
040 ## - CATALOGING SOURCE
- Original cataloging agency:
JRU
- Transcribing agency:
JRU
100 ## - HEADING--PERSONAL NAME
- Personal name:
SHUKLA, MC & GREWAL, TS AND GUPTA,SC
670 ## - SOURCE DATA FOUND
- Source citation:
Work cat.: (JRU)8890: SHUKLA, MC & GREWAL, TS AND GUPTA,SC, ADVANCED ACCOUNTS [VOL-I], 1960